书目信息 |
| 题名: |
手的形态与表现
|
|
| 作者: | 李佳 , 王文生 编著 | |
| 分册: | ||
| 出版信息: | 沈阳 辽宁美术出版社 2002 |
|
| 页数: | 55页 | |
| 开本: | 29cm | |
| 丛书名: | ||
| 单 册: | ||
| 中图分类: | J211.25 , J21 | |
| 科图分类: | ||
| 主题词: | 手--绘画--技法(美术) , 手 , 绘画 , 技法(美术) | |
| 电子资源: | ||
| ISBN: | 7-5314-2847-4 | |
| 000 | 01012nam0 2200301 450 | |
| 001 | 1570900676 | |
| 005 | 20150130194425.56 | |
| 010 | @a7-5314-2847-4@dCNY15.00 | |
| 100 | @a20020311d2002 em y0chiy0110 ea | |
| 101 | 0 | @achi |
| 102 | @aCN@b210000 | |
| 105 | @aa z 000yy | |
| 200 | 1 | @a手的形态与表现@9shou de xing tai yu biao xian@f李佳,王文生编著 |
| 210 | @a沈阳@c辽宁美术出版社@d2002 | |
| 215 | @a55页@d29cm | |
| 314 | @a李佳(女,1968~),生于辽宁省丹东市。出版有《手的形态与表现》。 | |
| 314 | @a王文生(1967~),生于辽宁省大连市。鲁迅美术学院设计艺术系讲师。出版有《手的形态与表现》。 | |
| 330 | @a本书包括手部的表现在美术作品中的作用,手的形态,关于手的表现,手的表现过程中易出现的问题,名作赏析五部分内容。 | |
| 606 | 0 | @a手@x绘画@x技法(美术) |
| 606 | 0 | @a手 |
| 606 | 0 | @a绘画 |
| 606 | 0 | @a技法(美术) |
| 690 | @aJ211.25@v5 | |
| 690 | @aJ21@v4 | |
| 701 | 0 | @a李佳@9li jia@4编著 |
| 701 | 0 | @a王文生@9wang wen sheng@4编著 |
| 801 | 0 | @aCN@bTSSF@c20150130 |
| 905 | @aZUCC@dJ21@eJY131 | |
| 手的形态与表现/李佳,王文生编著.-沈阳:辽宁美术出版社,2002 |
| 55页;29cm |
| ISBN 7-5314-2847-4:CNY15.00 |
| 本书包括手部的表现在美术作品中的作用,手的形态,关于手的表现,手的表现过程中易出现的问题,名作赏析五部分内容。 |
| ● |
| 相关链接 |
|
|
|
|
正题名:手的形态与表现
索取号:J21/JY131
 
预约/预借
| 序号 | 登录号 | 条形码 | 馆藏地/架位号 | 状态 | 备注 |
| 1 | 7863013 | 278630135 | 学院路分馆/ [索取号:J21/JY131] | 在馆 | |
| 2 | 7863052 | 278630527 | 学院路分馆/ [索取号:J21/JY131] | 在馆 | |
| 3 | 7863053 | 278630536 | 学院路分馆/ [索取号:J21/JY131] | 在馆 | |
| 4 | 7863054 | 278630545 | 学院路分馆/ [索取号:J21/JY131] | 在馆 |